01258nam a2200277uu 450000100070000000500170000700700100002400800410003403500110007504000130008604100080009908000080010710000470011524500780016226000430024030000170028352003820030065000380068265000350072070000600075594200100081599900190082550200120084452600080085695201160086496998920260506160040.0cr|||||||060405s2006 spa  a969989 ccomduadb aspa aPMC10aGiraldo Giraldo, Magdori4auteaut941894810aDisminución de problemas de calidad en la planta de pintura Sofasa S.A. aMedellín :b[sin publicador],c2006. a87 páginas3 aEn este informe se trata de presentar un contenido básico sobre los procesos en el área de pintura, y sobre las actividades realizadas durante la práctica profesional realizada en la planta de pintura de Sofasa S.A., mostrando el análisis requerido por problemas que implican soluciones investigativas ya que a simple vista es complicado llegar a soluciones acertadas. aSofasa (Empresa Comercial)919705 7aControl de calidad2lemb9541410aGutiérrez Velásquez, Elkin Iván4thseths9337586 cTESIS c376516d376516 b176c17 a178 001040708TESELECaCENDIbCENDId2006-04-05iC900995l0oPMC 00636r2023-04-26 00:00:00t1w2023-04-26yINTER